Beyond violence / (Record no. 133057)
[ view plain ]
| 000 -LEADER | |
|---|---|
| fixed length control field | 00641nam a22002177a 4500 |
| 005 - DATE AND TIME OF LATEST TRANSACTION | |
| control field | 20170124110203.0 |
| 010 ## - LIBRARY OF CONGRESS CONTROL NUMBER | |
| LC control number | B-108021 |
| 020 ## - INTERNATIONAL STANDARD BOOK NUMBER | |
| Terms of availability | 20.00 |
| International Standard Book Number | 8187326271 |
| 035 ## - SYSTEM CONTROL NUMBER | |
| System control number | B-108021 |
| 037 ## - SOURCE OF ACQUISITION | |
| Source of stock number/acquisition | Cen Lib/Ret |
| 040 ## - CATALOGING SOURCE | |
| Original cataloging agency | DPL |
| Language of cataloging | EN |
| 082 ## - DEWEY DECIMAL CLASSIFICATION NUMBER | |
| Classification number | 181.499 |
| Item number | KRI |
| 100 ## - MAIN ENTRY--PERSONAL NAME | |
| Personal name | Krishnamurti, J. |
| 9 (RLIN) | 74217 |
| 245 ## - TITLE STATEMENT | |
| Title | Beyond violence / |
| Statement of responsibility, etc | by J.Krishnamurti |
| 260 ## - PUBLICATION, DISTRIBUTION, ETC. (IMPRINT) | |
| Place of publication, distribution, etc | Chennai |
| Name of publisher, distributor, etc | Krishnamurti Foundation India |
| Date of publication, distribution, etc | 2002 |
| 270 ## - ADDRESS | |
| City | Chennai |
| Address | Vasanta Vihar, 64 Greenways Road |
| Postal code | 600 028 |
| 300 ## - PHYSICAL DESCRIPTION | |
| Extent | 186p. |
| Dimensions | 18cm(pbk) |
| 650 ## - SUBJECT ADDED ENTRY--TOPICAL TERM | |
| Topical term or geographic name as entry element | Liberty |
| 9 (RLIN) | 36677 |
| 650 ## - SUBJECT ADDED ENTRY--TOPICAL TERM | |
| Topical term or geographic name as entry element | Knowledge-- Sociology |
| 9 (RLIN) | 36678 |
| 942 ## - ADDED ENTRY ELEMENTS (KOHA) | |
| Source of classification or shelving scheme | Dewey Decimal Classification |
| Koha item type | English Books |
| Classification part | 181.499 |
| Call number suffix | KRI |
| Withdrawn status | Lost status | Damaged status | Not for loan | Home library | Current library | Date acquired | Source of acquisition | Cost, normal purchase price | Total Checkouts | Total Renewals | Full call number | Barcode | Date last seen | Date checked out | Copy number | Cost, replacement price | Price effective from | Koha item type |
|---|---|---|---|---|---|---|---|---|---|---|---|---|---|---|---|---|---|---|
| Central Library | Central Library | 24/07/2015 | Cen Lib/Ret | 20.00 | 5 | 1 | 181.499 KRI | B-108021 | 18/10/2024 | 20/09/2024 | 1 | 20.00 | 24/07/2015 | English Books |
